Thủ Thuật MCS Windows XP

Na minha lista:
Detalhes bibliográficos
Autor principal: Đinh Phan CHí Tâm
Formato: Livro
Idioma:Vietnamese
Publicado em: GTVT 2004
Tags: Adicionar Tag
Sem tags, seja o primeiro a adicionar uma tag!
Thư viện lưu trữ: Mạng thư viện Đại học Đà Nẵng
LEADER 00618nam a2200277 4500
001 000026627
003 692
005 20150325120000.0
008 150325s vm 000 vie
020 |c 45,0000 
040 |a NOTTS 
100 |a Đinh Phan CHí Tâm 
245 |a Thủ Thuật MCS Windows XP 
260 |b GTVT  |c 2004 
300 |a 230tr. ; 
OWN |a LTT 
999 |a From the UDN01 
TYP |a Monograph 
TYP |a Printed language 
980 |a Mạng thư viện Đại học Đà Nẵng